Diagnóstico de comunicación interna de Promoción Cultural, ITESO : 1994-2000 /
Gorde:
| Egile nagusia: | |
|---|---|
| Beste egile batzuk: | |
| Formatua: | Tesis Liburua |
| Hizkuntza: | gaztelania |
| Gaiak: | |
| Etiketak: |
Etiketarik gabe, Izan zaitez lehena erregistro honi etiketa jartzen!
|
MARC
| LEADER | 00000nam^a2200000^a^4500 | ||
|---|---|---|---|
| 001 | 000142081 | ||
| 005 | 20250521000000.0 | ||
| 009 | 20260310095636.065 | ||
| 037 | |a Acervo ITESO - Biblioteca | ||
| 041 | |a ESP | ||
| 090 | |a CCO. 497 | ||
| 100 | |a Rodríguez Ayala, Gabriela |e (autor) | ||
| 245 | 1 | 0 | |a Diagnóstico de comunicación interna de Promoción Cultural, ITESO : |b 1994-2000 / |c G. Rodríguez Ayala, D. Guerra Romero. |
| 264 | |a Guadalajara, México : |b edición de autor, |c 2002 | ||
| 300 | |a 133 p. | ||
| 336 | |a texto |b txt |2 rdacontenido | ||
| 337 | |a sin mediación |b n |2 rdamedio | ||
| 338 | |a volumen |b nc |2 rdasoporte | ||
| 502 | |a ITESO Tesis de Licenciatura en Ciencias de la Comunicación | ||
| 649 | |a XX | ||
| 650 | |a Comunicación Organizacional - |x Tema Principal | ||
| 650 | |a Comunicación Institucional | ||
| 650 | |a Cultura - |z Guadalajara, Jalisco - |x Difusión | ||
| 650 | |a Cultura - |z México - |x Difusión | ||
| 650 | |a ITESO - |x Tema Principal | ||
| 650 | |a Extensión Universitaria | ||
| 650 | |a Universidades Privadas - |z Guadalajara, Jalisco | ||
| 650 | |a Universidades Privadas - |z México | ||
| 650 | |a Educación Superior - |z Guadalajara, Jalisco | ||
| 650 | |a Educación Superior - |z México | ||
| 650 | |a Educación y Sociedad | ||
| 700 | |a Guerra Romero, Daniela |e (autor) | ||
| 910 | |a Fondo General | ||
| 920 | |a Impresos - Tesis del ITESO | ||
| 930 | |a Colección General | ||
| 905 | |a 104 | ||
| 901 | |a 0500070787 |b IT2 |c TSS |u 20250521 | ||
| 902 | |a https://opac.biblio.iteso.mx/vufind/Record/000142081 | ||